[Event "Preinscritos IRT Online"]
[Site "Chess.com INT"]
[Date "2020.12.26"]
[Round "4"]
[White "Echeverria Bravo, Juan Sebastian"]
[Black "Valeri Quintero, Ganesha Alberto"]
[Result "1-0"]
[WhiteElo "1916"]
[BlackElo "1625"]
[PlyCount "99"]
[EventDate "2020.12.26"]
[EventType "swiss"]
[EventRounds "11"]
[EventCountry "ECU"]
[SourceTitle "CBM 200 Extra"]
[Source "ChessBase"]
[SourceDate "2021.03.31"]
[SourceVersion "1"]
[SourceVersionDate "2021.03.31"]
[SourceQuality "1"]

1. e4 e5 2. Nf3 Nf6 3. Nc3 Nc6 4. Bc4 Bc5 5. d3 h6 6. 0-0 d6 7. a3 Bg4 8. Be3 Bb6 9. Nd5 0-0 10. Nxb6 axb6 11. h3 Bh5 12. Kh2 Kh7 13. Rg1 Bg6 14. g4 d5 15. exd5 Nxd5 16. Bxd5 Qxd5 17. Nd2 e4 18. dxe4 Bxe4 19. Nxe4 Qxe4 20. Qd3 Qxd3 21. cxd3 Rad8 22. Rgd1 Ne5 23. Bf4 Rfe8 24. d4 Nf3+ 25. Kg2 Nxd4 26. Bxc7 Rd7 27. Bxb6 Re4 28. Rd3 Rd6 29. Bc5 Rd5 30. b4 Nc2 31. Rxd5 Nxa1 32. Rd7 Nc2 33. Rxf7 Ne1+ 34. Kf1 Nf3 35. Rxf3 Re8 36. Rf7 Ra8 37. Rxb7 Rxa3 38. Bd4 Rxh3 39. Bxg7 Kg8 40. Bf6 Rh2 41. Kg1 Rh3 42. Kg2 Rb3 43. Bg7 Rb2 44. Bxh6 Rb3 45. Bg7 Rd3 46. Bf6 Kf8 47. g5 Rd5 48. b5 Ke8 49. b6 Rd4 50. Bxd4 1-0

[Event "Preinscritos IRT Online"]
[Site "Chess.com INT"]
[Date "2020.12.26"]
[Round "8"]
[White "Guerrero Caicedo, Arlette Sabina"]
[Black "Valeri Quintero, Ganesha Alberto"]
[Result "1-0"]
[WhiteElo "1926"]
[BlackElo "1625"]
[PlyCount "67"]
[EventDate "2020.12.26"]
[EventType "swiss"]
[EventRounds "11"]
[EventCountry "ECU"]
[SourceTitle "CBM 200 Extra"]
[Source "ChessBase"]
[SourceDate "2021.03.31"]
[SourceVersion "1"]
[SourceVersionDate "2021.03.31"]
[SourceQuality "1"]

1. c4 e5 2. Nc3 Nc6 3. g3 Nf6 4. Bg2 Bb4 5. e3 Bxc3 6. bxc3 d6 7. d4 exd4 8. cxd4 0-0 9. Ne2 d5 10. cxd5 Nxd5 11. 0-0 Be6 12. e4 Nde7 13. d5 Bg4 14. f3 Bd7 15. dxc6 Nxc6 16. Rb1 Rb8 17. Bb2 Kh8 18. Nd4 Ne7 19. Qc1 f5 20. exf5 Nxf5 21. Nxf5 Bxf5 22. Qc3 Qe7 23. Rbe1 Qf7 24. Re5 Be6 25. Rxe6 Rg8 26. Rfe1 c6 27. Re7 Qg6 28. Rd7 Rbd8 29. Rxd8 Rxd8 30. f4 Rg8 31. Be4 Qh5 32. Bb1 Qb5 33. Qxg7+ Rxg7 34. Re8# 1-0

[Event "Preinscritos IRT Online"]
[Site "Chess.com INT"]
[Date "2020.12.26"]
[Round "10"]
[White "Monar Narvaez, Vianka Jordana"]
[Black "Valeri Quintero, Ganesha Alberto"]
[Result "0-1"]
[WhiteElo "924"]
[BlackElo "1625"]
[PlyCount "64"]
[EventDate "2020.12.26"]
[EventType "swiss"]
[EventRounds "11"]
[EventCountry "ECU"]
[SourceTitle "CBM 200 Extra"]
[Source "ChessBase"]
[SourceDate "2021.03.31"]
[SourceVersion "1"]
[SourceVersionDate "2021.03.31"]
[SourceQuality "1"]

1. e4 e5 2. Nf3 Nf6 3. Nxe5 d6 4. Nf3 Nxe4 5. Qe2 Qe7 6. d3 Nf6 7. Qxe7+ Bxe7 8. Bg5 0-0 9. Nc3 Be6 10. Be2 h6 11. Bxf6 Bxf6 12. 0-0 Nc6 13. Rab1 Rfe8 14. Ne4 Be5 15. Nxe5 dxe5 16. Nc5 Nd4 17. Bd1 Rab8 18. c3 Nc6 19. Re1 Bf5 20. Ne4 Rbd8 21. Bc2 Bg6 22. Re3 Bxe4 23. Rxe4 f5 24. Bb3+ Kh7 25. Re3 Rd6 26. Rd1 e4 27. Bf7 Re7 28. Bh5 Red7 29. Be8 Rd8 30. Bxc6 bxc6 31. f3 exd3 32. Rd2 Kg6 0-1

[Event "Preinscritos IRT Online"]
[Site "Chess.com INT"]
[Date "2020.12.26"]
[Round "7"]
[White "Valeri Quintero, Ganesha Alberto"]
[Black "Cajeca Yata, Josue Daniel"]
[Result "1-0"]
[WhiteElo "1625"]
[BlackElo "1324"]
[PlyCount "179"]
[EventDate "2020.12.26"]
[EventType "swiss"]
[EventRounds "11"]
[EventCountry "ECU"]
[SourceTitle "CBM 200 Extra"]
[Source "ChessBase"]
[SourceDate "2021.03.31"]
[SourceVersion "1"]
[SourceVersionDate "2021.03.31"]
[SourceQuality "1"]

1. e4 g6 2. Nf3 Bg7 3. d4 d6 4. Nc3 Nf6 5. Bg5 0-0 6. Bc4 e6 7. e5 dxe5 8. dxe5 Qxd1+ 9. Rxd1 Ng4 10. Bf4 Nc6 11. Nb5 Ncxe5 12. Nxe5 Nxe5 13. Bb3 a6 14. Nc3 b5 15. 0-0 c5 16. a4 b4 17. Ne4 Bb7 18. Nxc5 Rab8 19. Bxe5 Bxe5 20. Nd7 Bxb2 21. Nxb8 Rxb8 22. Rd7 Be4 23. Re1 Bf5 24. Rd6 Rc8 25. Re2 Ra8 26. h3 Bf6 27. g4 Bxc2 28. Rxc2 Be5 29. Rd7 Bc3 30. Rd6 a5 31. Rd7 Rc8 32. Kf1 Rc5 33. Kg2 Re5 34. Rd8+ Kg7 35. Rd3 Re1 36. Rf3 Rb1 37. Bc4 Ra1 38. Bd3 Rxa4 39. Rf4 Ra1 40. Re2 Rd1 41. Bc2 Rd5 42. Ba4 Rd6 43. Be8 f6 44. Ba4 e5 45. Rf3 Kh6 46. Rfe3 Kg5 47. Re1 Bd4 48. Rd3 Rd8 49. Red1 Rc8 50. Kg3 Rc5 51. Rb3 h5 52. h4+ Kh6 53. gxh5 Kxh5 54. f3 Rd5 55. Ra1 Bxa1 56. Bc6 Rd2 57. Be4 Bd4 58. Rb1 f5 59. Bc6 Bf2+ 60. Kh3 Bxh4 61. Rh1 g5 62. Be8+ Kh6 63. Rc1 Rd6 64. Rc5 Re6 65. Bd7 Re7 66. Bxf5 b3 67. Rxa5 Rb7 68. Ra1 Bf2 69. Rb1 Bd4 70. Be4 b2 71. Bxb7 Kg6 72. Kg4 Kf6 73. Be4 Bc3 74. Rh1 Bd4 75. Rh6+ Kg7 76. Rg6+ Kf7 77. Rxg5 Be3 78. Rxe5 b1Q 79. Bxb1 Bd4 80. Rb5 Ke7 81. Ra5 Bb6 82. Ra6 Be3 83. Bd3 Bd4 84. Kf5 Bc5 85. Ke5 Be3 86. Rg6 Bd2 87. Rg7+ Kf8 88. Rb7 Ke8 89. Kd6 Kd8 90. Rb8# 1-0